000 00579nam a2200181 i 4500
001 134423
003 ES-MaACL
005 20230906194653.0
007 t|
008 070910s1916 fr ||||1| fre d
100 1 _aWaxweiler, Emile.
_9116222
245 1 3 _aLe procès de la neutralité belge
_b: réplique aux accusations /
_cEmile Waxweiler.
260 _aParis :
_bPayot & Cie.,
_c1916.
300 _a136 p. ;
_c23 cm.
650 1 4 _aGuerra mundial, 1914-1918.
_913212
651 4 _aBélgica-
_xHistoria-
_y1914-1918 (Ocupación alemana)
_97874
852 _aES-MaACL
_j1530-F-2
999 _c134423
_d134423